Transistor circuit design (Record no. 23504)

000 -LEADER
fixed length control field 00584nam a22002171 4500
001 - CONTROL NUMBER
control field 23504
003 - CONTROL NUMBER IDENTIFIER
control field BD-DhUET
008 - FIXED-LENGTH DATA ELEMENTS--GENERAL INFORMATION
fixed length control field 721219s1963 nyua b 000 0 eng
040 ## - CATALOGING SOURCE
Original cataloging agency DLC
Transcribing agency DLC
Modifying agency BD-DhUET
082 ## - DEWEY DECIMAL CLASSIFICATION NUMBER
Classification number 623.8151
Item number TEX/1963
110 ## - MAIN ENTRY--CORPORATE NAME
Corporate name or jurisdiction name as entry element Texas Instruments Incorporated
245 10 - TITLE STATEMENT
Title Transistor circuit design
250 ## - EDITION STATEMENT
Edition statement 1st ed.
260 ## - PUBLICATION, DISTRIBUTION, ETC. (IMPRINT)
Place of publication, distribution, etc. New York
Name of publisher, distributor, etc. McGraw-Hill
Date of publication, distribution, etc. 1963
300 ## - PHYSICAL DESCRIPTION
Extent xi, 523 p.
Other physical details ill.
Dimensions 26 cm.
504 ## - BIBLIOGRAPHY, ETC. NOTE
Bibliography, etc Includes bibliographies
650 #0 - SUBJECT ADDED ENTRY--TOPICAL TERM
Topical term or geographic name as entry element Transistor : Electronics
700 ## - ADDED ENTRY--PERSONAL NAME
Personal name Walston, Joseph A.
700 ## - ADDED ENTRY--PERSONAL NAME
Personal name Miller, John R.
942 ## - ADDED ENTRY ELEMENTS (KOHA)
Koha item type Corporate Publication
Holdings
Damaged status Koha item type Copy number Shelving location Koha date last seen Location (home branch) Price effective from Date acquired Piece designation (barcode) Not for loan Withdrawn status Lost status Koha normalized classification for sorting Sublocation or collection (holding branch) Koha full call number Source of classification or shelving scheme
 Corporate Publication1Circulation section2015-05-04Central Library, BUET2015-05-042015-05-0430610   623_815100000000000_TEX_1963Central Library, BUET623.8151/TEX/1963  
 Corporate Publication2Circulation section2015-05-04Central Library, BUET2015-05-042015-05-0430607   623_815100000000000_TEX_1963Central Library, BUET623.8151/TEX/1963 
 Corporate Publication3Circulation section2015-05-04Central Library, BUET2015-05-042015-05-0430612   623_815100000000000_TEX_1963Central Library, BUET623.8151/TEX/1963  
 Corporate Publication4Circulation section2015-05-04Central Library, BUET2015-05-042015-05-0430613   623_815100000000000_TEX_1963Central Library, BUET623.8151/TEX/1963 
 Corporate Publication5Circulation section2015-05-04Central Library, BUET2015-05-042015-05-0426687   623_815100000000000_TEX_1963Central Library, BUET623.8151/TEX/1963  
 Corporate Publication6Circulation section2015-05-07Central Library, BUET2015-05-072015-05-0730608   623_815100000000000_TEX_1963Central Library, BUET623.8151/TEX/1963 
 Corporate Publication7Circulation section2015-05-07Central Library, BUET2015-05-072015-05-0730606   623_815100000000000_TEX_1963Central Library, BUET623.8151/TEX/1963 
 Corporate Publication8Circulation section2015-05-07Central Library, BUET2015-05-072015-05-0730609   623_815100000000000_TEX_1963Central Library, BUET623.8151/TEX/1963 
 Corporate Publication9Reading section2015-06-25Central Library, BUET2015-06-252015-06-2530604   623_815100000000000_TEX_1963Central Library, BUET623.8151/TEX/1963 
 Corporate Publication10Reading section2015-06-25Central Library, BUET2015-06-252015-06-259968   623_815100000000000_TEX_1963Central Library, BUET623.8151/TEX/1963 
 Corporate Publication11Reading section2015-06-25Central Library, BUET2015-06-252015-06-2530605   623_815100000000000_TEX_1963Central Library, BUET623.8151/TEX/1963